| 000 | 00330nam a22001337a 4500 | ||
|---|---|---|---|
| 999 |
_c14861 _d14861 |
||
| 082 |
_a665.776 _bSRI/BI |
||
| 100 |
_aSrivastava PK _92096 |
||
| 245 | _aBiomass briquetting and utilzation | ||
| 260 |
_aNew Delhi _bJain Brothers _c1995 |
||
| 300 | _a152 | ||
| 700 |
_aMaheshwari, R.C _92097 |
||
| 700 |
_aOjha, T.P _92098 |
||
| 942 | _cBK | ||